header

Way of death (Record no. 88225)

MARC details
000 -LEADER
fixed length control field 01434nam a2200361Ia 4500
082 04 - DEWEY DECIMAL CLASSIFICATION NUMBER
Classification number 382/.44/09469
100 1# - MAIN ENTRY--AUTHOR NAME
Personal name Miller, Joseph Calder.
245 10 - TITLE STATEMENT
Title Way of death
260 ## - PUBLICATION, DISTRIBUTION, ETC. (IMPRINT)
Place of publication Madison, Wis. :
Name of publisher University of Wisconsin Press,
Year of publication c1988.
300 ## - PHYSICAL DESCRIPTION
Number of Pages xxx, 770 p. :
Other physical details ill.
650 #0 - SUBJECT ADDED ENTRY--TOPICAL TERM
Topical Term Slave traders
Topical Term Slave trade
Topical Term Slave trade
Topical Term Slave trade
856 40 - ELECTRONIC LOCATION AND ACCESS
Uniform Resource Identifier http://site.ebrary.com/lib/rucke/Doc?id=10394939

No items available.

© 2026 Rongo University
Contact us: librarian | system librarian | Rongo university